000 01069nam a2200253Ia 4500
999 _c53465
_d53465
001 20511
003 GE_BSU
005 20210110231216.0
008 181216s1951||||ge |||||||||||||| ||geo||
040 _cGE_BSU
041 _ageo
080 _a81'374.221=353.1 ნ-44
100 _aნეიმანი, ალ.
_98720
245 _aქართულ სინონიმთა ლექსიკონი /
_cალ. ნეიმანი ; რედ. ს. ყაუხჩიშვილი.
264 _aთბილისი :
_bსახელგამი,
_c1951.
300 _a440 გვ. ;
_c 23 სმ.
500 _aწანართი : სინონიმთა საკითხისათვის, გვ. VI-LIV
504 _aბიბლიოგრ. გვ. LVI-LVIII
541 _h5 ლ.
653 _aქართულ სინონიმთა ლექსიკონი
653 _aქართული ენა
700 _aყაუხჩიშვილი, ს.
_eრედაქტორი
_98037
942 _cBK
_2udc